Normal view MARC view
  • Raven, J. C.

Entry Nombre Personal

Number of records used in: 3

001 - NUMERO DE CONTROL

  • campo de control: 44361

003 - IDENTIFICADOR DE NUMERO DE CONTROL

  • campo de control: DLC

005 - FECHA Y HORA DE LA ÜLTIMA TRANSACCIÓN

  • campo de control: 20220503091757.0

008 - DATOS DE LONGITUD FIJA

  • campo de control de longitud fija: 220503n| acannaab |a aaa

010 ## - NÚMERO DE CONTROL DE LA BIBLIOTECA DEL CONGRESO

  • Número de control LC: n 86800594

040 ## - FUENTE DE CATALOGACIÓN

  • Agencia original de catalogación: DLC
  • Agencia de transcripción: DLC
  • Agencia que lo modifica: UkCU
  • Agencia que lo modifica: MX-MxUPN
  • Lenguaje de catalogación: spa

046 ## - FECHAS CON CODIFICACIÓN ESPECIAL

  • Fecha de nacimiento: 1902
  • Fecha de muerte: 1970

100 1# - ENCABEZAMIENTO - NOMBRE PERSONAL

  • Nombre personal: Raven, J. C.
  • Fuller form of name: (John C.),
  • Fechas asociadas con el nombre: 1902-1970

370 ## - LUGAR ASOCIADO

  • Place of birth: Londres (Inglaterra)
  • Place of death: Dumfries (Escocia)
  • Associated country: Inglaterra

372 ## - CAMPO DE ACTIVIDAD

  • Field of activity: Psicometría
  • Field of activity: Psicología
  • Field of activity: Matrices progresivas

374 ## - OCUPACIÓN

  • Occupation: Psicólogo

375 ## - GÉNERO

  • Gender: masculino

377 ## - LENGUA ASOCIADA

  • Language code: eng

400 1# - VEÁSE - NOMBRE DE PERSONA

  • Control subfield: nna
  • Personal name: Raven, John C.,
  • Dates associated with a name: 1902-1970

400 1# - VEÁSE - NOMBRE DE PERSONA

  • Personal name: Raven, John Carlyle,
  • Dates associated with a name: 1902-1970

670 ## - FUENTE EN LA QUE SE LOCALIZARON DATOS

  • Cita de la fuente: nuc85-66806: His Manual for Raven's progressive ... 1978
  • Información localizada: (hdg. on NdU rept.: Raven, John C.; usage: J.C. Raven)

670 ## - FUENTE EN LA QUE SE LOCALIZARON DATOS

  • Cita de la fuente: LC data base, 1-8-86
  • Información localizada: (hdg.: Raven, John C.; usage: J.C. Raven)

670 ## - FUENTE EN LA QUE SE LOCALIZARON DATOS

  • Cita de la fuente: J.C. Raven Ltd. WWW pages, Apr. 8, 2005:
  • Información localizada: /information/John Carlyle Raven (John Carlyle Raven; J.C. Raven; 1902-1970)

670 ## - FUENTE EN LA QUE SE LOCALIZARON DATOS

  • Cita de la fuente: En el sitio web Wikipedia, consultado Mayo 03, 2022:
  • Información localizada: (John C. Raven; John Carlyle Raven (28 June 1902 – 10 August 1970) was an English psychologist known for his contributions to psychometrics ; Born 28 June 1902 London, England ; Died 10 August 1970 (aged 68) Dumfries, Scotland ; Citizenship British ; Alma mater University of London Known for Raven's Progressive Matrices ; Scientific career Fields Psychology, psychometrics)
  • Uniform Resource Identifier: https://en.wikipedia.org/wiki/John_C._Raven

902 ## - CATALOGADOR

  • Catalogador: NDAF/220503